Az anatómia múltja és jövője
A halál nyelvtanát nem a teológiai vagy szépirodalmi szövegekben kell keresni, hanem az orvostudományban. A bonctermek, laboratóriumok mélyén, abban a narrációban, melynek tárgya a halál, alanya az orvosi oktatás, szintaxisa az ember és a technikai eszközök természettudományos struktúrája....
Elmentve itt :
| Szerzők: | |
|---|---|
| Dokumentumtípus: | Cikk |
| Megjelent: |
2007
|
| Sorozat: | Iskolakultúra
17 No. 2 |
| Online Access: | http://misc.bibl.u-szeged.hu/42708 |
| LEADER | 00926nab a2200193 i 4500 | ||
|---|---|---|---|
| 001 | misc42708 | ||
| 005 | 20191106140646.0 | ||
| 008 | 180706s2007 hu o 0|| zxx d | ||
| 022 | |a 1215-5233 | ||
| 040 | |a SZTE Miscellanea Repozitórium |b hun | ||
| 041 | |a zxx | ||
| 100 | 1 | |a Hollosy Tibor | |
| 245 | 1 | 3 | |a Az anatómia múltja és jövője |h [elektronikus dokumentum] / |c Hollosy Tibor |
| 260 | |c 2007 | ||
| 300 | |a 12-22 | ||
| 490 | 0 | |a Iskolakultúra |v 17 No. 2 | |
| 520 | 3 | |a A halál nyelvtanát nem a teológiai vagy szépirodalmi szövegekben kell keresni, hanem az orvostudományban. A bonctermek, laboratóriumok mélyén, abban a narrációban, melynek tárgya a halál, alanya az orvosi oktatás, szintaxisa az ember és a technikai eszközök természettudományos struktúrája. | |
| 700 | 0 | 1 | |a Fellner Zoltán Ákos |e aut |
| 856 | 4 | 0 | |u http://misc.bibl.u-szeged.hu/42708/1/EPA00011_iskolakultura_2007_02_012-022.pdf |z Dokumentum-elérés |